02363cam a22003494i 450000100090000000300040000900500170001300800410003001000170007102000180008802000180010604000230012404200080014705000210015508200170017610000350019324501050022825000190033326400310035230000420038333800270042549000360045250000420048850000370053050000370056750511580060465000200176270000390178294200400182195201350186199900170199618606490OSt20230902101441.0150506s2015 maua b 001 0 eng  a 2015304034 a9789332586536 a9780133455540 aDLCbengerdacDLC apcc00aHB172b.H83 2015 a338.5bHUB/M aHubbard, R Glenneauthor.947810aMicroeconomics /cR. Glenn Hubbard, Columbia University, Anthony Patrick O'Brien, Lehigh University. aFifth edition. 1aBoston :bPearson,c[2015] a672 pages :b illustrations ;c28 cm. avolumebnc2rdacarrier0 aThe Pearson series in economics aIncludes table on 3 leaves tipped in. a"MyEconLab"--Page 2 after cover. a"Pearson's MyLab"--Cover page 4.0 aEconomics : foundations and models -- Trade-offs, comparative advantage, and the market system -- Where prices come from : the interaction of demand and supply -- Economic efficiency, government price setting, and taxes -- Markets in action : policy and applications -- Externalities, environmental policy, and public goods -- Elasticity : the responsiveness of demand and supply -- The economics of health care -- Firms in the domestic and international economies -- Firms, the stock market, and corporate governance -- Comparative advantage and the gains from international trade -- Microeconomic foundations : consumers and firms -- Consumer choice and behavioral economics -- Technology, production, and costs -- Market structure and firm strategy -- Firms in perfectly competitive markets -- Monopolistic competition : the competitive model in a more realistic setting -- Oligopoly : firms in less competitive markets -- Monopoly and antitrust policy -- Pricing strategy -- Labor markets, public choice, and the distribution of income -- The markets for labor and other factors of production -- Public choice, taxes, and the distribution of income. 0aMicroeconomics.1 aO'Brien, Anthony Patrick,eauthor. 2ddccBKh338.5iHUB/Mk338.5mHUM/B 00102ddc40708PRODUCTIONaMESbMEScECO d2023-09-02l0o338.5 HUB/Mp42262r2023-09-02 10:18:06v870.00w2023-09-02yBKzGL7R4 c42044d42044